000 00625cam a22002173a 4500
001 37334
003 PGUSA
005 20140828083822.0
008 110907s2011||||xxu|||||s|||||000 | eng d
040 _aPGUSA
_beng
042 _adc
100 1 _aRoos, Mathilda,
_d1852-1908
245 1 0 _aNäkymättömiä teitä :
_bRunoelma elämästä
_h[electronic resource] /
_cMathilda Roos
260 _bProject Gutenberg,
_c2011
506 _aPublic domain in the USA.
516 _aElectronic text
700 1 _aKrohn, Aune
830 0 _aProject Gutenberg
_v37334
856 4 0 _uhttp://www.gutenberg.org/ebooks/37334
942 _cEB
999 _c266588
_d266588